Responses for Show #41 - Monday, November 5, 1984

Contestants

[<< previous game]

George Zadorozny, a copyright lawyer from Tampa, Florida

Carol Gwynn, a property manager from South Pasadena, California

Kirk Donnell, a bartender from West Los Angeles, California (whose 2-day cash winnings total $15,600)

[next game >>]

Jeopardy! Round responses

THE MIDDLE EAST
SUPERSTITIONS
SITCOM SAYINGS
DOUBLE TALK
TRIVIA
POLITICS
    $100 15
(Alex: It means "forbidden" or "sacred".)

a harem

Carol
    $100 1
a crack

George
    $100 3
"Ehhh!"

George
    $100 11
Boo-Boo

Kirk
    $100 2
the Ayatollah Khomeini

Carol
    $200 19
(George: [Without signalling] What is [*]?)
(Alex: You didn't ring in.)
(George: I'm sorry.)
(Alex: So I can't accept that.)
...
(Alex: Yes, you have to remember the button that's in front of you, George. Don't get too nervous on it now.)

the Persian Gulf

Kirk
    $200 8
a groundhog

Carol
    $200 9
"Nanu nanu"

George
    $200 12
tom tom

George
    $200 4
Ronald Reagan

George
    $300 22
kibbutzim

George
    $300 10
a silver dollar

Kirk
    $300 16
Maude

George
    $300 20
(Alex: We've got less than a minute to go in this round.)

Bad, Bad

Kirk
    $300 5
bears

Kirk
    $400 23
(George: What are types of bubble gum?)

(water) pipes

CarolGeorge
    $400 13
(George: What is salt?)
(Alex: Be more specific.)
(George: What is having a meal with salt?)

spilling salt

KirkGeorge
    $400 17
The Life of Riley

Carol
    $400 21
"Tyger, Tyger"

George
    $400 6
garlic

George
    $400 25
[The end-of-round signal sounds.]

strange bedfellows

George
    $500 14
three

George
    $500 18
the Moon

George
    $500 24
beriberi

Kirk
    $500 7
Dutch Masters cigars

George

Scores at the first commercial break (after clue 10):

Kirk Carol George
$600 $300 $1,500

Scores at the end of the Jeopardy! Round:

Kirk Carol George
$2,100 $1,200 $3,300

Double Jeopardy! Round responses

U.S. GOVERNMENT
ASTRONOMY
BEST SELLERS
1963
LETTER PERFECT
NOBEL PRIZE
    $200 25
[The end-of-round signal sounds.]

the Senate

Kirk
    $200 6
Mars

George
    $200 5
[Applause for George's run of the category]

Wheel of Fortune

George
    $200 9
the Hot Line

Carol
    $200 20
MSG

Carol
    $200 16
Einstein

George
    $400 7
summer (or spring)

Kirk
    $400 1
Sophie

George
    $400 10
Dr. No

George
    $400 21
(Alex: We've got less than a minute in the round.)

C note

George
    $400 17
Pearl Buck

George
    $1,000 8
the North Star (Polaris)

Kirk
    $600 2
Lincoln

George
    $600 13
the first woman in space

George
    $600 22
a Q

Kirk
    $600 18
(George: [Without signalling] What is Norway?)
(Kirk: What is Norway?)
(Carol: What is Sweden?)
(Alex: George, do you want to try it now?)
(George: [Without signalling] Well, what's left is Iceland and [*].)
[Laughter]
(Alex: The first answer you gave me is Iceland, and that is wrong.)

Denmark

KirkCarolGeorge
Triple Stumper
    $800 11
Jupiter

Kirk
    $800 3
John F. Kennedy

George
    $800 14
(Kirk: Who was David Frye?)

Vaughn Meader

KirkCarol
    $800 23
(Kirk: What was, a, um...)

C.P.O. Sharkey

KirkCarol
    $800 19
DNA (deoxyribonucleic acid)

Kirk
    $1000 12
the Southern Cross

George
    $1000 4
Norman Mailer

George
    $1000 15
Pope John XXIII

George
    $2,500 24
(2 of) hands, heart, head, health

Carol

Scores at the end of the Double Jeopardy! Round:

Kirk Carol George
$3,700 $5,100 $9,900

[wagering suggestions for these scores]

Final Jeopardy! Round responses

THE ZODIAC
KirkWhat is lii Libra?
$3,700
CarolWhat is Saggitarius?
$5,100
GeorgeWhat is Libra?
$1,100
Libra

Final scores:

Kirk Carol George
$7,400 $0 $11,000
2nd place: Armstrong bedroom suite + Dakotah bedsheet set 3rd place: Alsy-Cycle II lamp set New champion: $11,000

Game dynamics:

Coryat scores:

Kirk Carol George
$3,300 $3,600 $9,900
13 R
(including 1 DD),
3 W
10 R
(including 1 DD),
1 W
26 R,
3 W

Combined Coryat: $16,800

[game clues] [game scores] [suggest correction]

Game tape date: 1984-09-04
The J! Archive is created by fans, for fans. Scraping, republication, monetization, and malicious use prohibited; this site may use cookies and collect identifying information. See terms. The Jeopardy! game show and all elements thereof, including but not limited to copyright and trademark thereto, are the property of Jeopardy Productions, Inc. and are protected under law. This website is not affiliated with, sponsored by, or operated by Jeopardy Productions, Inc. Join the discussion at JBoard.tv.